| 000 | 00754nam a22002415a 4500 | ||
|---|---|---|---|
| 005 | 20201128021459.0 | ||
| 008 | 150809s2014 ii a fr 001 0 eng d | ||
| 020 | _a9789350142608 | ||
| 040 |
_aEG-ScBUE _beng _cEG-ScBUE _dEG-ScBUE |
||
| 082 | 0 | 4 |
_a658 _bTAN _222 |
| 100 | 1 |
_aTaneja, Shikha. _939181 |
|
| 245 | 1 | 0 |
_aPrinciples of management / _cBy Shikha Taneja, Renu Rana. |
| 250 | _a2nd ed. | ||
| 260 |
_aNew Delhi : _bS. K. Kataria & Sons, _c2014. |
||
| 300 |
_a324 p. : _bill. ; _c24 cm. |
||
| 500 | _aIndex : p. 322-324. | ||
| 650 | 7 |
_aManagement. _2BUEsh _9553 |
|
| 650 | 7 |
_aIndustrial management. _2BUEsh _91569 |
|
| 651 | _2BUEsh | ||
| 653 |
_bENGGEN _bBUSADM _cAugust2015 _cJanuary2016 |
||
| 700 | 1 |
_aRana, Renu. _938781 |
|
| 942 |
_2ddc _k658 TAN |
||
| 999 |
_c20488 _d20460 |
||